000 00284nam a22001097a 4500
008 170126b xxu||||| |||| 00| 0 eng d
020 _a9781584260646
041 _aeng
080 _a61
245 _aCODING AND REIMBURSMENTS FOR HOSPITAL INPATIENT SERVICES
_cSCOTT, K.S
942 _2udc
_cBK
999 _c3725
_d3725